00358 2200157 4500001002100000005001500021035002000036245004800056100002700104300000800131260001500139082000800154084001400162990001200176990001200188INLIS00000000000221420250527014431 a0010-05250005061 aTaman Jatuh Cinta /cIbnu Qayyim Al-Zuziyah0 aIbnu Qayyim Al-Zuziyah a936 bIBS,c2006 a813 a813 IBN t a0712549 a0712550